000
00350 a2200169 4500
001
190732
020
_a
85-359-0384-4
040
_c
Magnum
100
_a
Miranda, Ana
240
1
0
_a
Pipocas
_l
por
245
1
0
_a
Pipocas
300
_a
63
362
0
_a
2003
440
1
_a
Companhia das Letras
697
_a
LITERATURA INFANTO-JUVENIL
942
_c
BK
999
_c
190732
_d
190732